00460nam a2200121Ia 4500008004100000100001900041245012500060245005900185260000900244300001000253650001300263856006200276170221s9999 xx 000 0 und d aBeekes, Wendy. aCorporate Governance, Companies’ Disclosure Practices and Market Transparency: A Cross Country Study (pages 263–297) cWendy Beekes, Philip Brown, Wenwen Zhan and Qiyu Zhang c2014 a3 : 5 xBusiness uhttp://onlinelibrary.wiley.com/doi/10.1111/jbfa.12174/pdf